000 00515nam a2200169Ia 4500
008 090711s9999 xx 000 0 und d
082 _b30549
100 _aबनहट्टी राजेंद्र
245 _aसमानधर्मी
260 _c1971
300 _a134
600 _aबनहट्टी राजेंद्र
630 _aसमानधर्मी
700 _aबनहट्टी राजेंद्र
730 _aसमानधर्मी
942 _cBOOK
999 _c308959
_d308959